000 00783cab a2200265 4500
001 ABS60586
008 090401t1999 xxu||||| |||| 00| 0 eng d
035 _a(Sirsi) u92669
041 _aeng
245 _aRichard and others v Surrey Hampshire Borders National Health Service Trust
260 _c1999
350 _a0
490 _aRating & Valuation Reporter
_v[1999] 39 RVR, 28-35(8)
650 _aCARE IN THE COMMUNITY
650 _aCOMPENSATION
650 _aCOMPULSORY PURCHASE ACT 1965 S10
650 _aLOCAL EXPERTS
650 _aNUISANCE
650 _aRICHARD AND OTHERS V SURREY HAMPSHIRE BORDERS NATIONAL HEALTH SERVICE
650 _aValuation
_96273
650 _aVALUES
690 _aRATING AND VALUATION-CASE LAW
942 _n0
948 _c12/04/1999
999 _c58737
_d58737